Názorné príklady na tému: zdaňovanie príjmov zo závislej činnosti a funkčných požitkov od 1.1.1994
Zmeny v daňovej oblasti od 1.1.1994. Základné zákony a vyhlášky upravujúce zdaňovanie príjmov, príklady ich aplikácie.
Saved in:
| Main Author: | |
|---|---|
| Format: | Book Chapter |
| Language: | Slovak |
| Subjects: | |
| Tags: |
No Tags, Be the first to tag this record!
|
MARC
| LEADER | 00000naa a2200000 4500 | ||
|---|---|---|---|
| 001 | r015116 | ||
| 005 | 20221213113754.4 | ||
| 041 | 0 | |a slo | |
| 044 | |a SK | ||
| 245 | 1 | 0 | |a Názorné príklady na tému: zdaňovanie príjmov zo závislej činnosti a funkčných požitkov od 1.1.1994 |c Dagmar Piršelová |
| 520 | |a Zmeny v daňovej oblasti od 1.1.1994. Základné zákony a vyhlášky upravujúce zdaňovanie príjmov, príklady ich aplikácie. | ||
| 610 | 2 | 0 | |a dane z príjmov |
| 610 | 2 | 0 | |a predpisy právne |
| 610 | 2 | 0 | |a Slovensko |
| 610 | 2 | 0 | |a 1994 |
| 610 | 2 | 0 | |a zákony |
| 100 | 1 | |a Piršelová, Dagmar | |